Estructura y dinámica celular / Alex B. Navikoff y Eric Holtzman; traducción Roberto Espinoza Zarza (Record no. 216930)
[ view plain ]
| 000 -CABECERA | |
|---|---|
| campo de control de longitud fija | 01043nam a2200313Ia 4500 |
| 001 - NÚMERO DE CONTROL | |
| campo de control | Z_4278 |
| 008 - DATOS DE LONGITUD FIJA--INFORMACIÓN GENERAL | |
| campo de control de longitud fija | 220601s9999 xx 000 0 und d |
| 020 ## - NÚMERO INTERNACIONAL ESTÁNDAR DEL LIBRO | |
| Número Internacional Estándar del Libro | 968-25-0146-6 |
| 082 ## - NÚMERO DE LA CLASIFICACIÓN DECIMAL DEWEY | |
| Número de clasificación | 574.87 N68 1978 |
| 100 ## - ENTRADA PRINCIPAL--NOMBRE DE PERSONA | |
| Nombre de persona | Navikoff, Alex B. |
| 9 (RLIN) | 141514 |
| 245 ## - MENCIÓN DE TÍTULO | |
| Título | Estructura y dinámica celular / Alex B. Navikoff y Eric Holtzman; traducción Roberto Espinoza Zarza |
| 250 ## - MENCIÓN DE EDICIÓN | |
| Mención de edición | 2a ed. |
| 260 ## - PUBLICACIÓN, DISTRIBUCIÓN, ETC. | |
| Lugar de publicación, distribución, etc. | México : Interamericana |
| 300 ## - DESCRIPCIÓN FÍSICA | |
| Extensión | xiv, 380 p. |
| 500 ## - NOTA GENERAL | |
| Nota general | Traducción de la obra en inglés: Cells and organelles, 2a ed. de 1976 |
| 503 ## - NOTA DE HISTORIA BIBLIOGRÁFICA (BK CF MU) [OBSOLETO] | |
| Nota de historia bibliográfica | ej.1 - ej.3: s/n |
| 504 ## - NOTA DE BIBLIOGRAFÍA, ETC. | |
| Nota de bibliografía, etc. | Incuye bibliografía e índice |
| 650 ## - PUNTO DE ACCESO ADICIONAL DE MATERIA--TÉRMINO DE MATERIA | |
| Término de materia o nombre geográfico como elemento de entrada | 1. Citología |
| 9 (RLIN) | 157660 |
| 650 ## - PUNTO DE ACCESO ADICIONAL DE MATERIA--TÉRMINO DE MATERIA | |
| Término de materia o nombre geográfico como elemento de entrada | Celulas |
| 650 ## - PUNTO DE ACCESO ADICIONAL DE MATERIA--TÉRMINO DE MATERIA | |
| Término de materia o nombre geográfico como elemento de entrada | Estructuras celulares |
| 9 (RLIN) | 141511 |
| 650 ## - PUNTO DE ACCESO ADICIONAL DE MATERIA--TÉRMINO DE MATERIA | |
| Término de materia o nombre geográfico como elemento de entrada | Citoquímica |
| 9 (RLIN) | 141510 |
| 650 ## - PUNTO DE ACCESO ADICIONAL DE MATERIA--TÉRMINO DE MATERIA | |
| Término de materia o nombre geográfico como elemento de entrada | Biología celular |
| 9 (RLIN) | 139482 |
| 700 ## - PUNTO DE ACCESO ADICIONAL--NOMBRE DE PERSONA | |
| Nombre de persona | Holtzman, Eric, coaut. \ Espinoza Zarza, Roberto, tr.Ì |
| 9 (RLIN) | 181203 |
| 901 ## - ELEMENTOS DE DATOS A LOCAL LDA (RLIN) | |
| a | 574.87 N68 1978 |
| 902 ## - ELEMENTOS DE DATOS B LOCAL, LDB (RLIN) | |
| a | M |
| 905 ## - ELEMENTOS DE DATOS E LOCAL, LDE (RLIN) | |
| a | 523227 1978 mx adn 9221113311spa16 |
| 942 ## - ELEMENTOS DE PUNTO DE ACCESO ADICIONAL (KOHA) | |
| Tipo de ítem Koha | Libro_ |
| Estado de retiro | Estado de pérdida | Estado dañado | No para préstamo | Localización permanente | Ubicación/localización actual | Ubicación en estantería | Fecha de adquisición | Total de préstamos | Código de barras | Fecha visto por última vez | Número de copia | Precio válido a partir de | Tipo de ítem Koha | Nota pública |
|---|---|---|---|---|---|---|---|---|---|---|---|---|---|---|
| Zootecnia | Zootecnia | 09/11/2005 | z_4427 | 02/06/2022 | 3 | 02/06/2022 | Libro | 2 | ||||||
| Zootecnia | Zootecnia | 09/11/2005 | z_4425 | 02/06/2022 | 1 | 02/06/2022 | Libro | 2 | ||||||
| Zootecnia | Zootecnia | 09/11/2005 | z_4426 | 02/06/2022 | 2 | 02/06/2022 | Libro | 2 |
